000
00325nam a22001457a 4500
008
210311b ||||| |||| 00| 0 eng d
020
_a
9780030977718
041
_a
eng
080
_a
510
082
_a
510
100
_a
36
101
_a
MAT
245
_a
Algebra Integrating Communicate
_c
Schultz, J. E
942
_2
udc
_c
BK
999
_c
56328
_d
56328